| Tag |
First Indicator |
Second Indicator |
Subfields |
| LEADER |
00000cam a2200000 a 4500 |
| 001 |
in00001234607 |
| 005 |
20151003063529.0 |
| 008 |
750411s1974 enkabcf 000 0aeng |
| 010 |
|
|
|a 75308235
|
| 015 |
|
|
|a GB74-30287
|
| 020 |
|
|
|a 0950379808 :
|c £1.50
|
| 035 |
|
|
|a (OCoLC)01339909
|
| 035 |
|
|
|9 AGT0608AM
|
| 040 |
|
|
|a DLC
|c DLC
|d TXA
|d UtOrBLW
|
| 043 |
|
|
|a e-uk---
|a e------
|
| 049 |
|
|
|a TXAS [mil]
|
| 050 |
0 |
0 |
|a D581
|b .B67 1974
|
| 082 |
0 |
0 |
|a 940.4/59/410924
|
| 100 |
1 |
|
|a Brocklebank, Henry Cyril Royds,
|d 1874-1957.
|
| 245 |
1 |
0 |
|a Tenth Cruiser Squadron, Northern Patrol :
|b from the diaries and letters of Captain H.C.R. Brocklebank, C.B.E., Royal Navy, July 1914-August 1917 /
|c edited by Joan Brocklebank.
|
| 264 |
|
1 |
|a [Dorchester] :
|b [Joan Brocklebank],
|c [1974]
|
| 300 |
|
|
|a iii, 57 pages, 14 unnumbered leaves of plates :
|b illustrations, map, portraits ;
|c 25 cm.
|
| 336 |
|
|
|a text
|b txt
|2 rdacontent
|
| 337 |
|
|
|a unmediated
|b n
|2 rdamedia
|
| 338 |
|
|
|a volume
|b nc
|2 rdacarrier
|
| 650 |
|
0 |
|a World War, 1914-1918
|x Naval operations, British.
|
| 610 |
1 |
0 |
|a Great Britain.
|b Royal Navy.
|b Tenth Cruiser Squadron
|x History.
|
| 650 |
|
0 |
|a World War, 1914-1918
|x Personal narratives, British.
|
| 600 |
1 |
0 |
|a Brocklebank, Henry Cyril Royds,
|d 1874-1957
|x Diaries.
|
| 650 |
|
0 |
|a Sailors
|z Great Britain
|x Diaries.
|
| 999 |
|
|
|a MARS
|
| 999 |
f |
f |
|s c872be38-1c1a-36a0-a9a5-32fffdb66aa5
|i 8502f57a-f3ab-37f0-958d-df1770a3b514
|t 0
|
| 952 |
f |
f |
|p noncirc
|a Texas A&M University
|b College Station
|c Cushing Memorial Library & Archives
|d Cushing: Ragan Military (Does not check out)
|t 0
|e D581 .B67 1974
|h Library of Congress classification
|i unmediated -- volume
|
| 998 |
f |
f |
|a D581 .B67 1974
|t 0
|l Cushing: Ragan Military (Does not check out)
|